Физический практикум

Detalles Bibliográficos
Autor Corporativo: Томский политехнический университет (ТПУ)
Outros autores: Ларионов В. В. Виталий Васильевич (составитель), Иванкина М. С., Мурашко Л. Т.
Summary:Авт. указ на обл.: В. В. Ларионов, М. С. Иванкина, Л. Т. Мурашко.
Idioma:ruso
Publicado: Томск, Изд-во ТПУ, 1993
Subjects:
Formato: MixedMaterials Libro
KOHA link:https://koha.lib.tpu.ru/cgi-bin/koha/opac-detail.pl?biblionumber=26177

MARC

LEADER 00000nam0a2200000 4500
001 26177
005 20231219150344.0
035 |a (RuTPU)RU\TPU\book\26418 
035 |a BOOK00026493 
090 |a 26177 
100 |a 20011209d1993 m y0rusy50 ca 
101 0 |a rus 
102 |a RU 
105 |a y j 000zy 
200 1 |a Физический практикум  |f Томский политехнический университет; сост. В. В. Ларионов, М. С. Иванкина, Л. Т. Мурашко 
210 |a Томск  |c Изд-во ТПУ  |d 1993 
215 |a 92 с. 
300 |a Авт. указ на обл.: В. В. Ларионов, М. С. Иванкина, Л. Т. Мурашко. 
606 |a Физика  |2 stltpush  |3 (RuTPU)RU\TPU\subj\63709  |9 80688 
610 1 |a эксперименты 
610 1 |a измерения 
610 1 |a учебные пособия 
610 1 |a практикум 
610 1 |a труды учёных ТПУ 
675 |a 53(076.5)  |v 3 
702 1 |a Ларионов  |b В. В.  |c физик  |c профессор Томского политехнического университета, доктор педагогических наук  |f 1945-  |g Виталий Васильевич  |3 (RuTPU)RU\TPU\pers\25193  |4 220  |9 11273 
702 1 |a Иванкина  |b М. С.  |4 220 
702 1 |a Мурашко  |b Л. Т.  |4 220 
712 0 2 |a Томский политехнический университет (ТПУ)  |c (1991-2009)  |3 (RuTPU)RU\TPU\col\376 
801 0 |a RU  |b 63413507  |c 20011209  |g PSBO 
801 2 |a RU  |b 63413507  |c 20201026  |g PSBO 
942 |c BK